[Event "CAN-op"]
[Site "Ottawa CAN"]
[Date "2007.07.14"]
[Round "9"]
[White "Kosmin, Walter"]
[Black "Ferreira, Alex"]
[Result "0-1"]
[WhiteElo "1679"]
[BlackElo "1892"]
[PlyCount "60"]
[GameId "2160767910642351"]
[EventDate "2007.07.07"]
[EventType "swiss"]
[EventRounds "10"]
[EventCountry "CAN"]
[SourceTitle "EXT 2022"]
[Source "ChessBase"]
[SourceDate "2021.10.06"]
[SourceVersion "1"]
[SourceVersionDate "2021.10.06"]
[SourceQuality "1"]

1. b4 d5 2. a3 e5 3. Bb2 Nd7 4. e3 Ngf6 5. d3 b6 6. Nd2 Bb7 7. Ngf3 Bd6 8. Be2 c5 9. b5 O-O 10. c4 Qc7 11. h3 e4 12. dxe4 dxe4 13. Ng1 Rad8 14. Qb3 Be5 15. f4 exf3 16. Bxf3 Bg3+ 17. Ke2 Ne5 18. Bxb7 Qxb7 19. Ngf3 Nxf3 20. Nxf3 Ne4 21. Rhd1 Nf2 22. Rd5 Rxd5 23. cxd5 Rd8 24. Be5 Bxe5 25. Nxe5 Ne4 26. Nc6 Re8 27. Qd3 Qc7 28. Kf1 Qh2 29. Re1 Qh1+ 30. Ke2 Qxg2+ 0-1

[Event "CAN-op"]
[Site "Ottawa CAN"]
[Date "2007.07.14"]
[Round "9"]
[White "Morabito, Matthew"]
[Black "Pacey, Kevin"]
[Result "0-1"]
[WhiteElo "1847"]
[BlackElo "2258"]
[PlyCount "68"]
[GameId "2160767910642357"]
[EventDate "2007.07.07"]
[EventType "swiss"]
[EventRounds "10"]
[EventCountry "CAN"]

1. Nf3 d5 2. g3 c5 3. Bg2 Nc6 4. O-O Nf6 5. d3 g6 6. Re1 Bg7 7. Nbd2 O-O 8. e4 e5 9. exd5 Nxd5 10. Ne4 b6 11. c3 h6 12. Qb3 Be6 13. Qa4 Rc8 14. Be3 Nxe3 15. Rxe3 Qd7 16. Rd1 Rfd8 17. Ned2 Bf5 18. Nh4 Bg4 19. Rde1 g5 20. Bxc6 Rxc6 21. Nhf3 Rd6 22. Qxd7 R6xd7 23. Nxe5 Bxe5 24. Rxe5 Rxd3 25. Ne4 Be6 26. b3 Kg7 27. f4 gxf4 28. gxf4 Rf3 29. Rf1 Rdd3 30. Rxf3 Rxf3 31. Ng3 Kg6 32. f5+ Bxf5 33. Kg2 Rxc3 34. Rxf5 Rxg3+ 0-1

[Event "CAN-op"]
[Site "Ottawa CAN"]
[Date "2007.07.14"]
[Round "9"]
[White "Muir, Tom"]
[Black "Guo, Joshua"]
[Result "0-1"]
[WhiteElo "1523"]
[BlackElo "2215"]
[PlyCount "100"]
[GameId "2160767910642358"]
[EventDate "2007.07.07"]
[EventType "swiss"]
[EventRounds "10"]
[EventCountry "CAN"]

1. d4 Nf6 2. c4 g6 3. Nc3 Bg7 4. Nf3 O-O 5. e4 d6 6. Be2 e5 7. d5 Na6 8. O-O Nc5 9. Qc2 a5 10. Bg5 h6 11. Be3 b6 12. Nd2 Ng4 13. Bxc5 bxc5 14. h3 Nf6 15. f4 exf4 16. Rxf4 Nd7 17. Rf2 Bd4 18. Raf1 Ne5 19. Nf3 Nxf3+ 20. Bxf3 Qe7 21. Ne2 Bxf2+ 22. Rxf2 Qe5 23. Qd2 Kg7 24. Nf4 Bd7 25. Nd3 Qd4 26. b3 a4 27. Qb2 Qxb2 28. Rxb2 axb3 29. axb3 f6 30. g4 Ra3 31. Kg2 Rb8 32. Bd1 c6 33. Nf4 cxd5 34. exd5 Rba8 35. Re2 Ra2 36. Bc2 Re8 37. Ne6+ Bxe6 38. dxe6 f5 39. Kf3 Kf6 40. gxf5 gxf5 41. Kf4 Rb2 42. h4 Rxe6 43. Rxe6+ Kxe6 44. Bxf5+ Kf6 45. Be4 Rxb3 46. Kg4 Re3 47. Bd5 Rd3 48. Kf4 Rd4+ 49. Kg3 Rxd5 50. cxd5 Ke5 0-1

[Event "CAN-op"]
[Site "Ottawa CAN"]
[Date "2007.07.14"]
[Round "9"]
[White "Reeve, Jeff"]
[Black "Xiong, Jerry"]
[Result "1-0"]
[WhiteElo "2304"]
[BlackElo "2151"]
[PlyCount "84"]
[GameId "2160767910642363"]
[EventDate "2007.07.07"]
[EventType "swiss"]
[EventRounds "10"]
[EventCountry "CAN"]

1. e4 c5 2. Nf3 d6 3. d4 cxd4 4. Nxd4 Nf6 5. Nc3 g6 6. Be3 Bg7 7. f3 O-O 8. Qd2 Nc6 9. O-O-O Nxd4 10. Bxd4 Be6 11. Kb1 Qc7 12. h4 Rfc8 13. h5 Qa5 14. h6 Bh8 15. a3 Rab8 16. Bxf6 Bxf6 17. Nd5 Qxd2 18. Nxf6+ exf6 19. Rxd2 Rd8 20. Bb5 Kf8 21. Rhd1 Ke7 22. b4 Rbc8 23. Kb2 Rc7 24. Ba4 a6 25. c3 Bc4 26. Rd4 Be6 27. R1d3 Rc4 28. Bb3 Rxd4 29. Rxd4 Bxb3 30. Kxb3 Ke6 31. c4 Rc8 32. a4 b6 33. Rd5 f5 34. a5 fxe4 35. fxe4 Rb8 36. axb6 Rxb6 37. g4 f6 38. Ra5 g5 39. Rd5 Rb8 40. Ra5 Rb6 41. Kc3 Kf7 42. b5 Kg6 1-0

[Event "CAN-op"]
[Site "Ottawa CAN"]
[Date "2007.07.15"]
[Round "10"]
[White "Armstrong, Robert J"]
[Black "Li, Ruokai (David)"]
[Result "1-0"]
[WhiteElo "1763"]
[BlackElo "958"]
[PlyCount "45"]
[GameId "2160767910642375"]
[EventDate "2007.07.07"]
[EventType "swiss"]
[EventRounds "10"]
[EventCountry "CAN"]

1. d4 Nf6 2. c4 g6 3. Nc3 Bg7 4. e4 d6 5. f3 O-O 6. Be3 e5 7. d5 Nbd7 8. Nge2 Ne8 9. g4 f5 10. gxf5 gxf5 11. exf5 Rxf5 12. Ng3 Rf8 13. Be2 a5 14. Qd2 Nc5 15. O-O-O Bd7 16. h4 Nf6 17. Rdg1 c6 18. Bg5 Qc7 19. Bxf6 Bxf6 20. Nh5+ Kh8 21. Qh6 Qd8 22. Rg6 Be8 23. Qxf8# 1-0

[Event "CAN-op"]
[Site "Ottawa CAN"]
[Date "2007.07.15"]
[Round "10"]
[White "Ferreira, Alex"]
[Black "Begoray, David"]
[Result "1-0"]
[WhiteElo "1892"]
[BlackElo "2063"]
[PlyCount "109"]
[GameId "2160767910642384"]
[EventDate "2007.07.07"]
[EventType "swiss"]
[EventRounds "10"]
[EventCountry "CAN"]
[SourceTitle "EXT 2022"]
[Source "ChessBase"]
[SourceDate "2021.10.06"]
[SourceVersion "1"]
[SourceVersionDate "2021.10.06"]
[SourceQuality "1"]

1. g4 d5 2. Bg2 c6 3. h3 e5 4. e4 dxe4 5. Nc3 Be6 6. Bxe4 Bc5 7. d3 Nd7 8. Qe2 Ne7 9. Be3 Qc7 10. Nf3 f6 11. d4 exd4 12. Nxd4 Bf7 13. Nf5 Nxf5 14. Bxf5 O-O 15. O-O-O Bxe3+ 16. Qxe3 Ne5 17. Kb1 Nc4 18. Qc1 Rad8 19. b3 Qa5 20. Na4 b5 21. Nc5 Na3+ 22. Kb2 b4 23. Qe3 Nb5 24. Na4 Rfe8 25. Qc5 g6 26. Rxd8 Qxd8 27. Bd3 Qd4+ 28. Qxd4 Nxd4 29. c3 bxc3+ 30. Nxc3 Bd5 31. Nxd5 cxd5 32. Kc3 Nf3 33. Bb5 Re5 34. Rd1 Kf8 35. Bc6 Ng5 36. Bxd5 Nxh3 37. f3 Nf4 38. Be4 Ke7 39. b4 h5 40. gxh5 gxh5 41. Bc6 h4 42. Rd7+ Ke6 43. Rxa7 h3 44. Rh7 Kf5 45. Bd7+ Kg6 46. Rxh3 Nxh3 47. Bxh3 Re3+ 48. Kd4 Rxf3 49. Be6 f5 50. Bd5 Rf1 51. b5 Kf6 52. b6 Rd1+ 53. Kc5 Ke5 54. Bc4 Rd8 55. b7 1-0

[Event "CAN-op"]
[Site "Ottawa CAN"]
[Date "2007.07.15"]
[Round "10"]
[White "Smith, Maurice"]
[Black "Fleury, Jordan"]
[Result "1-0"]
[WhiteElo "1685"]
[BlackElo "1431"]
[PlyCount "85"]
[GameId "2160767910642408"]
[EventDate "2007.07.07"]
[EventType "swiss"]
[EventRounds "10"]
[EventCountry "CAN"]
[SourceTitle "EXT 2022"]
[Source "ChessBase"]
[SourceDate "2021.10.06"]
[SourceVersion "1"]
[SourceVersionDate "2021.10.06"]
[SourceQuality "1"]

1. d4 d5 2. c4 c6 3. Nf3 Bf5 4. Nc3 e6 5. cxd5 exd5 6. Bg5 Nf6 7. e3 Be7 8. Bd3 Bxd3 9. Qxd3 O-O 10. O-O Re8 11. Rac1 Bd6 12. Rfe1 Nbd7 13. e4 dxe4 14. Nxe4 Re6 15. Nxf6+ Nxf6 16. Rxe6 fxe6 17. Qc4 Qd7 18. Re1 Nd5 19. Qe2 Re8 20. Bd2 h6 21. Ne5 Qc7 22. Qg4 Nf6 23. Qg6 Kf8 24. Bxh6 Qe7 25. Bg5 Bxe5 26. dxe5 Qb4 27. Rd1 Qg4 28. f3 Qh5 29. Qxh5 Nxh5 30. g4 g6 31. gxh5 gxh5 32. Bh6+ Ke7 33. f4 Kf7 34. Rd7+ Re7 35. Rxe7+ Kxe7 36. Bg5+ Kf7 37. Kf2 Kg6 38. Kg3 Kf5 39. Kf3 a5 40. a4 b5 41. b3 bxa4 42. bxa4 Kg6 43. Bd8 1-0

[Event "CAN-op"]
[Site "Ottawa CAN"]
[Date "2007.07.15"]
[Round "10.31"]
[White "Guo, Joshua"]
[Black "Kaminski, Victor"]
[Result "1-0"]
[WhiteElo "2212"]
[BlackElo "2266"]
[PlyCount "57"]
[GameId "2160767910642416"]
[EventDate "2007.07.07"]
[EventType "swiss"]
[EventRounds "10"]
[EventCountry "CAN"]

1. e4 e6 2. d4 d5 3. e5 c5 4. c3 Nc6 5. Nf3 Qb6 6. Be2 cxd4 7. cxd4 Nge7 8. Na3 Nf5 9. Nc2 Bb4+ 10. Kf1 Be7 11. Rb1 f6 12. g4 Nfxd4 13. Ncxd4 Nxd4 14. Qxd4 Bc5 15. Qd3 Bxf2 16. exf6 gxf6 17. g5 e5 18. Qb5+ Bd7 19. Qxb6 Bxb6 20. gxf6 Bh3+ 21. Ke1 Bg2 22. Nxe5 Bxh1 23. Bb5+ Kd8 24. Nf7+ Kc8 25. Bf4 d4 26. Nxh8 Bc6 27. Bd3 Kd7 28. Bf5+ Ke8 29. Kd2 1-0

[Event "CAN-op"]
[Site "Ottawa CAN"]
[Date "2007.07.15"]
[Round "10.37"]
[White "Groleau, Gilles"]
[Black "Doubleday, William"]
[Result "1/2-1/2"]
[WhiteElo "2128"]
[BlackElo "2220"]
[PlyCount "60"]
[GameId "2160767910642417"]
[EventDate "2007.07.07"]
[EventType "swiss"]
[EventRounds "10"]
[EventCountry "CAN"]

1. e4 c5 2. Nc3 Nc6 3. f4 g6 4. Nf3 Bg7 5. Bb5 Nd4 6. Bd3 d6 7. Nxd4 cxd4 8. Ne2 e6 9. c3 Qb6 10. Nxd4 Bxd4 11. Qa4+ Bd7 12. Qxd4 Qxd4 13. cxd4 Ne7 14. b3 d5 15. e5 Nc6 16. Bb2 Nb4 17. Ke2 Nxd3 18. Kxd3 Bb5+ 19. Ke3 Kd7 20. Rhc1 Rac8 21. Rc5 Ba6 22. Rac1 h5 23. R1c3 b6 24. Rxc8 Rxc8 25. Rxc8 Kxc8 26. Ba3 Kd7 27. Bd6 Kc6 28. Bb8 Kb7 29. Bd6 Kc6 30. Bb8 Kb7 1/2-1/2

[Event "CYCC U08"]
[Site "Ottawa CAN"]
[Date "2007.07.03"]
[Round "1"]
[White "Awatramani, Janak"]
[Black "Clavelle, Brendan"]
[Result "1-0"]
[WhiteElo "1352"]
[BlackElo "1076"]
[PlyCount "99"]
[GameId "2160767910642435"]
[EventDate "2007.07.03"]
[EventType "swiss"]
[EventRounds "7"]
[EventCountry "CAN"]
[SourceTitle "EXT 2022"]
[Source "ChessBase"]
[SourceDate "2021.10.06"]
[SourceVersion "1"]
[SourceVersionDate "2021.10.06"]
[SourceQuality "1"]

1. g3 e5 2. Bg2 d5 3. d3 Nf6 4. a3 Nc6 5. Bg5 h6 6. Bxf6 Qxf6 7. Bxd5 Bc5 8. e3 Nd4 9. exd4 Bxd4 10. Qf3 O-O 11. Qxf6 gxf6 12. c3 Bb6 13. Nd2 c6 14. Bg2 Bf5 15. Ne4 Rad8 16. Rd1 Be6 17. Nxf6+ Kg7 18. Ne4 Bb3 19. Rd2 f5 20. f3 fxe4 21. fxe4 Be3 22. Nf3 Bxd2+ 23. Nxd2 Rxd3 24. Nxb3 a5 25. Nc5 Rd6 26. Nxb7 Rd7 27. Nxa5 Rfd8 28. Bf3 Rf7 29. Be2 Rb8 30. b4 c5 31. Nc6 Rb6 32. Nxe5 Re7 33. Nc4 Rbe6 34. Nd2 cxb4 35. axb4 Ra7 36. Kf2 Rf6+ 37. Ke3 Ra3 38. Rc1 Rd6 39. Nc4 Rda6 40. Nxa3 Rxa3 41. Bd3 Ra2 42. Rc2 Ra1 43. Kd4 Rh1 44. b5 Rxh2 45. Rxh2 Kf7 46. Rxh6 Ke7 47. b6 Kd8 48. Rh7 Kc8 49. Ba6+ Kb8 50. Rh8# 1-0

[Event "CYCC U08"]
[Site "Ottawa CAN"]
[Date "2007.07.03"]
[Round "1"]
[White "Sirkovich, Daniel"]
[Black "Doknjas, John"]
[Result "0-1"]
[WhiteElo "1055"]
[BlackElo "1336"]
[PlyCount "100"]
[GameId "2160767910650630"]
[EventDate "2007.07.03"]
[EventType "swiss"]
[EventRounds "7"]
[EventCountry "CAN"]
[SourceTitle "EXT 2022"]
[Source "ChessBase"]
[SourceDate "2021.10.06"]
[SourceVersion "1"]
[SourceVersionDate "2021.10.06"]
[SourceQuality "1"]

1. e4 e6 2. Nf3 d5 3. Nc3 Nf6 4. e5 Nfd7 5. d4 c5 6. Bb5 Qb6 7. O-O a6 8. Ba4 Nc6 9. Be3 cxd4 10. Nxd4 Nxd4 11. Bxd4 Bc5 12. Bxd7+ Bxd7 13. Ne2 Bb5 14. b4 Bxd4 15. c3 Bxc3 16. Rc1 Bxe5 17. Re1 O-O 18. Nc3 Bxc3 19. Rxc3 Rac8 20. Rxc8 Rxc8 21. Qb1 h6 22. Qb2 Qc7 23. h3 Qc2 24. Qxc2 Rxc2 25. Rd1 Rxa2 26. Rc1 d4 27. Rc8+ Kh7 28. Rd8 d3 29. f3 d2 30. f4 Ra1+ 31. Kh2 d1=Q 32. Rxd1 Rxd1 33. Kg3 Rb1 34. f5 Rxb4 35. fxe6 Be8 36. e7 a5 37. Kf3 a4 38. Ke3 a3 39. Kd3 Rb6 40. Kc4 a2 41. Kc5 Rc6+ 42. Kd5 a1=Q 43. g3 Qa5+ 44. Kd4 Qc5+ 45. Kd3 Rd6+ 46. Ke4 Qd4+ 47. Kf3 Bc6+ 48. Ke2 Qd2+ 49. Kf1 Re6 50. g4 Qg2# 0-1

[Event "CYCC U08"]
[Site "Ottawa CAN"]
[Date "2007.07.03"]
[Round "2"]
[White "Andronescu, Tiberiu"]
[Black "Li, Yinshi"]
[Result "0-1"]
[WhiteElo "1192"]
[BlackElo "1284"]
[PlyCount "124"]
[GameId "2160767910650631"]
[EventDate "2007.07.03"]
[EventType "swiss"]
[EventRounds "7"]
[EventCountry "CAN"]
[SourceTitle "EXT 2022"]
[Source "ChessBase"]
[SourceDate "2021.10.06"]
[SourceVersion "1"]
[SourceVersionDate "2021.10.06"]
[SourceQuality "1"]

1. d4 d5 2. c4 c6 3. Nc3 Nf6 4. e3 Bf5 5. Nf3 e6 6. Be2 Nbd7 7. cxd5 cxd5 8. O-O Bd6 9. h3 O-O 10. Qb3 b6 11. Qd1 Rc8 12. Nb5 Bb4 13. Bd3 Bxd3 14. Qxd3 a6 15. Nc3 Bxc3 16. bxc3 b5 17. a4 Qb6 18. Bd2 Rc4 19. axb5 axb5 20. Rfb1 Qc6 21. Rb4 Rxb4 22. cxb4 g6 23. Qc3 Qxc3 24. Bxc3 Ne4 25. Be1 Rc8 26. Ra5 Nd6 27. Ra3 Kg7 28. Rc3 Rxc3 29. Bxc3 Ne4 30. Be1 Nb8 31. Kf1 Nc6 32. Ne5 Nxe5 33. dxe5 f6 34. exf6+ Kxf6 35. Ke2 Ke5 36. Kd3 Kd6 37. f3 Nf6 38. Bh4 Nd7 39. f4 Nb6 40. Kd4 Nc4 41. Bd8 Na3 42. Bb6 Nc2+ 43. Kc3 Ne1 44. g3 Nf3 45. Kd3 e5 46. fxe5+ Nxe5+ 47. Ke2 Nc6 48. Bc5+ Ke5 49. Kf3 d4 50. Ke2 Ke4 51. Kd2 dxe3+ 52. Bxe3 Nxb4 53. g4 Nd5 54. Bc5 b4 55. Kc2 Nf4 56. Bxb4 Nxh3 57. Bd2 Kf3 58. g5 Kg4 59. Kd3 Nxg5 60. Ke2 h5 61. Kf2 Ne4+ 62. Ke2 Nxd2 0-1

[Event "CYCC U08"]
[Site "Ottawa CAN"]
[Date "2007.07.03"]
[Round "2"]
[White "Doknjas, John"]
[Black "Lee, Jonah"]
[Result "1-0"]
[WhiteElo "2447"]
[BlackElo "1232"]
[PlyCount "91"]
[GameId "2160767910650633"]
[EventDate "2007.07.03"]
[EventType "swiss"]
[EventRounds "7"]
[EventCountry "CAN"]
[SourceTitle "EXT 2022"]
[Source "ChessBase"]
[SourceDate "2021.10.06"]
[SourceVersion "1"]
[SourceVersionDate "2021.10.06"]
[SourceQuality "1"]

1. Nf3 e6 2. g3 d5 3. Bg2 c5 4. O-O Nf6 5. d3 Nc6 6. Nbd2 Bd7 7. e4 Qc7 8. Re1 Bd6 9. Qe2 e5 10. exd5 Nxd5 11. Nxe5 Nxe5 12. Bxd5 O-O-O 13. f4 Nc6 14. Bxf7 Ne7 15. b3 g6 16. Bb2 Rhf8 17. Bc4 b5 18. Be6 Bxe6 19. Qxe6+ Kb8 20. Be5 Bxe5 21. Qxe5 Qxe5 22. Rxe5 Nd5 23. Ne4 Ne3 24. Rxc5 b4 25. Rb5+ Ka8 26. Rc5 Rc8 27. Rxc8+ Rxc8 28. Rc1 Rxc2 29. Rxc2 Nxc2 30. Kf2 Kb7 31. Kf3 h5 32. g4 h4 33. f5 Nd4+ 34. Kf4 Ne2+ 35. Kg5 gxf5 36. gxf5 Nc1 37. f6 Nxd3 38. f7 Nc1 39. f8=Q Nxb3 40. Qxb4+ Kc6 41. Qxb3 Kd7 42. Qd5+ Kc7 43. Qd6+ Kc8 44. Nc5 a6 45. Qc6+ Kd8 46. Qd7# 1-0

[Event "CYCC U08"]
[Site "Ottawa CAN"]
[Date "2007.07.03"]
[Round "2"]
[White "Kavchak, Michael"]
[Black "Luo, Alan"]
[Result "1-0"]
[WhiteElo "807"]
[BlackElo "914"]
[PlyCount "55"]
[GameId "2160767910650634"]
[EventDate "2007.07.03"]
[EventType "swiss"]
[EventRounds "7"]
[EventCountry "CAN"]
[SourceTitle "EXT 2022"]
[Source "ChessBase"]
[SourceDate "2021.10.06"]
[SourceVersion "1"]
[SourceVersionDate "2021.10.06"]
[SourceQuality "1"]

1. e4 e5 2. Nf3 Nc6 3. Bc4 Nf6 4. Nc3 Bc5 5. d3 d6 6. Be3 Bg4 7. Qe2 Nd4 8. Bxd4 exd4 9. Nd5 Nxd5 10. Bxd5 Bb4+ 11. c3 dxc3 12. b3 c2+ 13. Kf1 Qf6 14. Rc1 Bxf3 15. Qxf3 Qxf3 16. gxf3 O-O-O 17. Bxf7 Rhf8 18. Be6+ Kb8 19. Rxc2 Rxf3 20. Rg1 Rxd3 21. Rxg7 Rd1+ 22. Ke2 Rh1 23. Rcxc7 Re1+ 24. Kf3 Rf8+ 25. Bf5 Ba5 26. Rxb7+ Ka8 27. Rxa7+ Kb8 28. Rgb7# 1-0

[Event "CYCC U08"]
[Site "Ottawa CAN"]
[Date "2007.07.03"]
[Round "2"]
[White "Moreno, David2"]
[Black "Awatramani, Janak"]
[Result "0-1"]
[WhiteElo "1273"]
[BlackElo "1352"]
[PlyCount "86"]
[GameId "2160767910650635"]
[EventDate "2007.07.03"]
[EventType "swiss"]
[EventRounds "7"]
[EventCountry "CAN"]
[SourceTitle "EXT 2022"]
[Source "ChessBase"]
[SourceDate "2021.10.06"]
[SourceVersion "1"]
[SourceVersionDate "2021.10.06"]
[SourceQuality "1"]

1. e4 b6 2. d4 Bb7 3. Nc3 e6 4. d5 exd5 5. exd5 Be7 6. Nf3 Nf6 7. Bg5 O-O 8. Bxf6 Bxf6 9. Bc4 Re8+ 10. Ne2 Bxb2 11. Rb1 Bc3+ 12. Nd2 Qg5 13. O-O Qxd2 14. Qxd2 Bxd2 15. Rbd1 Bh6 16. d6 c5 17. Rde1 Nc6 18. Nd4 Nxd4 19. Rxe8+ Rxe8 20. h3 b5 21. Bxb5 Nxb5 22. c4 Nd4 23. Rd1 Nc2 24. Kf1 Ba6 25. g4 Bxc4+ 26. Kg1 Re1+ 27. Rxe1 Nxe1 28. f4 Bxf4 29. Kf2 Nd3+ 30. Kf3 Bxd6 31. Ke4 Bxa2 32. Kxd3 Bd5 33. h4 Be5 34. Kc2 a5 35. Kb1 a4 36. h5 a3 37. Kc2 Bc4 38. Kd2 Bd4 39. Kc2 a2 40. Kd2 a1=Q 41. Kc2 Qb2+ 42. Kd1 Bd3 43. Ke1 Qe2# 0-1

[Event "CYCC U08"]
[Site "Ottawa CAN"]
[Date "2007.07.04"]
[Round "3"]
[White "Awatramani, Janak"]
[Black "Chamoun, Emile"]
[Result "1-0"]
[WhiteElo "1352"]
[BlackElo "1236"]
[PlyCount "51"]
[GameId "2160767910650636"]
[EventDate "2007.07.03"]
[EventType "swiss"]
[EventRounds "7"]
[EventCountry "CAN"]
[SourceTitle "EXT 2022"]
[Source "ChessBase"]
[SourceDate "2021.10.06"]
[SourceVersion "1"]
[SourceVersionDate "2021.10.06"]
[SourceQuality "1"]

1. g3 d5 2. Bg2 e6 3. d3 c5 4. a3 Nc6 5. e4 Nf6 6. Nc3 Be7 7. f4 dxe4 8. Nxe4 Nxe4 9. Bxe4 O-O 10. Ne2 a6 11. Bd2 Qb6 12. Bc3 Nd4 13. Nxd4 cxd4 14. Bb4 Qc7 15. Bxe7 Qxe7 16. Qh5 h6 17. O-O-O Rb8 18. Rdg1 b5 19. g4 b4 20. a4 b3 21. g5 Qc5 22. Rg2 Bb7 23. gxh6 Rfc8 24. Rxg7+ Kh8 25. Rh7+ Kg8 26. Qxf7# 1-0

[Event "CYCC U08"]
[Site "Ottawa CAN"]
[Date "2007.07.04"]
[Round "3"]
[White "Kavchak, Michael"]
[Black "Andronescu, Tiberiu"]
[Result "0-1"]
[WhiteElo "807"]
[BlackElo "1192"]
[PlyCount "54"]
[GameId "2160767910650637"]
[EventDate "2007.07.03"]
[EventType "swiss"]
[EventRounds "7"]
[EventCountry "CAN"]
[SourceTitle "EXT 2022"]
[Source "ChessBase"]
[SourceDate "2021.10.06"]
[SourceVersion "1"]
[SourceVersionDate "2021.10.06"]
[SourceQuality "1"]

1. e4 c5 2. Nf3 a6 3. Bc4 Nf6 4. e5 d5 5. exd6 Qxd6 6. Nc3 Nc6 7. d3 e6 8. g3 Be7 9. Bf4 e5 10. Be3 Bg4 11. Qe2 Nd4 12. Bxd4 exd4 13. Ne4 Nxe4 14. dxe4 b5 15. Bd5 Rb8 16. O-O-O Qh6+ 17. Kb1 c4 18. Bc6+ Qxc6 19. h3 Bxf3 20. Qxf3 Qc5 21. Qf4 Rd8 22. e5 c3 23. e6 f6 24. Qh4 Qb4 25. b3 Qa3 26. Qh5+ g6 27. Ka1 Qb2# 0-1

[Event "CYCC U08"]
[Site "Ottawa CAN"]
[Date "2007.07.04"]
[Round "3"]
[White "Lee, Jonah"]
[Black "Clavelle, Brendan"]
[Result "1-0"]
[WhiteElo "1232"]
[BlackElo "1076"]
[PlyCount "75"]
[GameId "2160767910650638"]
[EventDate "2007.07.03"]
[EventType "swiss"]
[EventRounds "7"]
[EventCountry "CAN"]
[SourceTitle "EXT 2022"]
[Source "ChessBase"]
[SourceDate "2021.10.06"]
[SourceVersion "1"]
[SourceVersionDate "2021.10.06"]
[SourceQuality "1"]

1. c4 e5 2. Nc3 Nf6 3. g3 d5 4. cxd5 Nxd5 5. Bg2 c6 6. a3 Bd6 7. Nxd5 cxd5 8. Bxd5 Be7 9. Bg2 O-O 10. e3 Nc6 11. Ne2 Re8 12. O-O Bg5 13. d4 Bg4 14. f3 Be6 15. b4 Bf6 16. Bb2 Qd5 17. f4 Qc4 18. dxe5 Be7 19. Rc1 Qa2 20. Bd4 Bb3 21. Qd3 Qxa3 22. Rb1 Nxb4 23. Rxb3 Qa4 24. Qb1 Rac8 25. Bc3 Rc4 26. Qb2 Nd3 27. Qb1 Nb4 28. Bxb7 Rb8 29. Bg2 h6 30. Bd5 Rc7 31. e6 fxe6 32. Bxe6+ Kf8 33. Be5 Rbb7 34. Bxc7 Rxc7 35. Rd1 Bc5 36. Qf5+ Ke8 37. Qg6+ Ke7 38. Qf7# 1-0

[Event "CYCC U08"]
[Site "Ottawa CAN"]
[Date "2007.07.04"]
[Round "3"]
[White "Li, Yinshi"]
[Black "Doknjas, John"]
[Result "1-0"]
[WhiteElo "1284"]
[BlackElo "1336"]
[PlyCount "129"]
[GameId "2160767910650639"]
[EventDate "2007.07.03"]
[EventType "swiss"]
[EventRounds "7"]
[EventCountry "CAN"]
[SourceTitle "EXT 2022"]
[Source "ChessBase"]
[SourceDate "2021.10.06"]
[SourceVersion "1"]
[SourceVersionDate "2021.10.06"]
[SourceQuality "1"]

1. e4 e6 2. d4 d5 3. Nc3 dxe4 4. Nxe4 Nf6 5. Nxf6+ Qxf6 6. Nf3 h6 7. Bd3 Nc6 8. c3 Be7 9. Be3 O-O 10. Qd2 b6 11. Bf4 Bd6 12. Bg3 Bxg3 13. fxg3 Rd8 14. O-O Qe7 15. Qc2 Qd7 16. Bb5 a6 17. Bxc6 Qxc6 18. Ne5 Qd5 19. Nxf7 Rd7 20. Ne5 Re7 21. Ng6 Rf7 22. Rxf7 Kxf7 23. Rf1+ Ke8 24. Qa4+ b5 25. Qc2 Bb7 26. Qf2 Kd7 27. Qf3 Qxf3 28. Ne5+ Ke7 29. Nxf3 Bxf3 30. gxf3 Kd6 31. Re1 Re8 32. Re5 Rf8 33. Kf2 Rf5 34. Rxf5 exf5 35. Ke3 Ke6 36. b3 g5 37. c4 bxc4 38. bxc4 c6 39. g4 a5 40. a4 Kf6 41. h3 Ke6 42. c5 Kf6 43. Kd3 Ke6 44. Kc4 f4 45. Kc3 Kf7 46. d5 cxd5 47. Kd4 Ke6 48. c6 Kd6 49. c7 Kxc7 50. Kxd5 Kb6 51. Kd6 Kb7 52. Kc5 Kc7 53. Kb5 Kb7 54. Kxa5 Kc7 55. Ka6 Kc6 56. a5 Kc7 57. Kb5 Kb7 58. a6+ Ka7 59. Ka5 Kb8 60. Kb6 Ka8 61. a7 h5 62. gxh5 g4 63. h6 g3 64. h7 g2 65. h8=R# 1-0

[Event "CYCC U08"]
[Site "Ottawa CAN"]
[Date "2007.07.04"]
[Round "3"]
[White "Sirkovich, Daniel"]
[Black "Roberge, Alexandre"]
[Result "1-0"]
[WhiteElo "1055"]
[BlackElo "743"]
[PlyCount "45"]
[GameId "2160767910650641"]
[EventDate "2007.07.03"]
[EventType "swiss"]
[EventRounds "7"]
[EventCountry "CAN"]
[SourceTitle "EXT 2022"]
[Source "ChessBase"]
[SourceDate "2021.10.06"]
[SourceVersion "1"]
[SourceVersionDate "2021.10.06"]
[SourceQuality "1"]

1. e4 e5 2. Nf3 Nc6 3. Bc4 Bc5 4. Nc3 Nf6 5. d3 O-O 6. Bg5 d6 7. Nd5 Bg4 8. Nxf6+ Kh8 9. h3 Bc8 10. Nh4 Be6 11. Ng6+ hxg6 12. Qf3 Nd4 13. Qg3 Nf5 14. Qg4 Nh6 15. Bxh6 Bxg4 16. hxg4 Qxf6 17. Bg5+ Kg8 18. Bxf6 gxf6 19. O-O-O Bxf2 20. Rh3 c6 21. Rdh1 a5 22. Rh8+ Kg7 23. R1h7# 1-0

[Event "CYCC U08"]
[Site "Ottawa CAN"]
[Date "2007.07.04"]
[Round "4"]
[White "Andronescu, Tiberiu"]
[Black "Moreno, David2"]
[Result "1-0"]
[WhiteElo "1192"]
[BlackElo "1273"]
[PlyCount "35"]
[GameId "2160767910650642"]
[EventDate "2007.07.03"]
[EventType "swiss"]
[EventRounds "7"]
[EventCountry "CAN"]
[SourceTitle "EXT 2022"]
[Source "ChessBase"]
[SourceDate "2021.10.06"]
[SourceVersion "1"]
[SourceVersionDate "2021.10.06"]
[SourceQuality "1"]

1. d4 d5 2. c4 Nf6 3. Nc3 Be6 4. Nf3 Nc6 5. e3 Qd6 6. c5 Qd7 7. Be2 Bf5 8. O-O O-O-O 9. a3 Re8 10. b4 a5 11. Bb5 axb4 12. axb4 Kb8 13. Qa4 Kc8 14. Qa8+ Nb8 15. Bxd7+ Kxd7 16. Qxb7 Bd3 17. Ne5+ Kd8 18. Qxb8# 1-0

[Event "CYCC U08"]
[Site "Ottawa CAN"]
[Date "2007.07.04"]
[Round "4"]
[White "Chamoun, Emile"]
[Black "Lee, Jonah"]
[Result "1/2-1/2"]
[WhiteElo "1236"]
[BlackElo "1232"]
[PlyCount "93"]
[GameId "2160767910650643"]
[EventDate "2007.07.03"]
[EventType "swiss"]
[EventRounds "7"]
[EventCountry "CAN"]
[SourceTitle "EXT 2022"]
[Source "ChessBase"]
[SourceDate "2021.10.06"]
[SourceVersion "1"]
[SourceVersionDate "2021.10.06"]
[SourceQuality "1"]

1. e4 e6 2. d4 d5 3. c4 dxe4 4. Nc3 f5 5. f3 exf3 6. Nxf3 Nf6 7. Be3 Bb4 8. a3 Be7 9. b4 O-O 10. Be2 a6 11. O-O c6 12. Ne5 b5 13. c5 Bb7 14. Bf3 Re8 15. Nd3 Bf8 16. Nf4 g6 17. Ra2 Bg7 18. Raf2 Nd5 19. Ncxd5 exd5 20. Qd3 Nd7 21. g3 Nf6 22. Re2 Qd7 23. Rfe1 Re7 24. Bf2 Rae8 25. Rxe7 Rxe7 26. Rxe7 Qxe7 27. Kg2 Ne4 28. Bxe4 fxe4 29. Qe3 Bh6 30. Nxg6 Bxe3 31. Nxe7+ Kf7 32. Bxe3 Kxe7 33. Kh3 Kf6 34. g4 Bc8 35. Kg3 Kg6 36. h3 Be6 37. Kf4 Kf7 38. h4 Kf6 39. g5+ Kf7 40. h5 Bd7 41. Ke5 Bg4 42. h6 Ke7 43. Bf4 Bh5 44. Bd2 Bg6 45. Be1 Bh5 46. Bd2 Bg6 47. Be3 1/2-1/2